Pakistani nationalism (Record no. 63798)

MARC details
000 -LEADER
fixed length control field 00864cam a22002651 4500
001 - CONTROL NUMBER
control field sa 65004513
003 - CONTROL NUMBER IDENTIFIER
control field DLC
005 - DATE AND TIME OF LATEST TRANSACTION
control field 20260227112131.0
008 - FIXED-LENGTH DATA ELEMENTS--GENERAL INFORMATION
fixed length control field 800709s1963 xx 000 0 eng
010 ## - LIBRARY OF CONGRESS CONTROL NUMBER
LC control number sa 65004513
035 ## - SYSTEM CONTROL NUMBER
System control number (OCoLC)6499618
040 ## - CATALOGING SOURCE
Original cataloging agency DLC
Transcribing agency NPotU
Modifying agency DLC
043 ## - GEOGRAPHIC AREA CODE
Geographic area code a-pk---
050 00 - LIBRARY OF CONGRESS CALL NUMBER
Classification number DS383
Item number .M8
100 1# - MAIN ENTRY--PERSONAL NAME
Personal name Mujahid, Sharif.
245 10 - TITLE STATEMENT
Title Pakistani nationalism
Statement of responsibility, etc. [by] Sharif-al-Mujahid, Munier Chowdhury [and] Hasan Zaman.
260 ## - PUBLICATION, DISTRIBUTION, ETC.
Place of publication, distribution, etc. [Dacca?
Date of publication, distribution, etc. 1963?]
300 ## - PHYSICAL DESCRIPTION
Extent 39 p.
Dimensions 22 cm.
500 ## - GENERAL NOTE
General note Cover title.
500 ## - GENERAL NOTE
General note "Issued by the Director of Public Relations, Information Dept., on behalf of the Bureau of National Re-construction, East Pakistan."
651 #0 - SUBJECT ADDED ENTRY--GEOGRAPHIC NAME
Geographic name Pakistan.
700 1# - ADDED ENTRY--PERSONAL NAME
Personal name Caudhurī, Munīra,
Dates associated with a name 1925-1971.
700 1# - ADDED ENTRY--PERSONAL NAME
Personal name Zaman, Hasan.
710 1# - ADDED ENTRY--CORPORATE NAME
Corporate name or jurisdiction name as entry element East Pakistan (Pakistan).
Subordinate unit Information Department.

No items available.

Powered by Koha